El derecho ante la biotecnología: estudio sobre la nueva legislación española en biomedicina

Uloženo v:
Podrobná bibliografie
Hlavní autoři: Silveira Gorski, Héctor C (Autor), Barcellona, Pietro (Autor), Cierco Seira, César (Autor)
Médium: Kniha
Jazyk:španělština
Vydáno: Barcelona Icaria 2008
Vydání:1a. ed
Edice:Ecología Humana, 89
Témata:
Tagy: Přidat tag
Žádné tagy, Buďte první, kdo vytvoří štítek k tomuto záznamu!

MARC

LEADER 00000cam a2200000 a 4500
001 UCE5366
003 CL-VaPUC
008 141230e20080300sp |||||||||||||||||spa|d
020 |a 9788474269505 
082 0 4 |a 344.041  |b SIL  |2 21 
100 0 |a Silveira Gorski, Héctor C  |e author  |9 577956 
700 0 |a Barcellona, Pietro  |e author  |9 577957 
700 0 |a Cierco Seira, César  |e author  |9 577958 
245 1 3 |a El derecho ante la biotecnología: estudio sobre la nueva legislación española en biomedicina 
250 |a 1a. ed 
300 |a 307 p 
942 |c BK 
945 |d 20141230 16:04:00  |a arojas 
260 |a Barcelona  |b Icaria  |c 2008 
650 0 |a Biotecnología   |9 259561 
650 0 |a Biomedicina  |9 474361 
650 7 |a LEGISLACION ESPAÑOLA  |2 CL-VaPUC  |9 400154 
650 0 |a Responsabilidad médica   |9 357519 
583 |a last modification  |c 20141230 16:04:00  |k Rodrigo Vera 
490 0 |a Ecología Humana, 89 
999 |c 358109  |d 358107 
952 |0 0  |1 0  |3 erb  |4 0  |6 344_041000000000000_SIL_2008  |7 0  |8 A  |9 466499  |a BIBDER  |b BIBDER  |i 5131200  |o 344.041 SIL 2008  |p 5131200  |r 2023-01-25  |w 2019-11-23  |y BK  |z Catalogado en:20141230  |k DER